Blahoželanie k jubileu Ing. Marcela Lalkoviča, CSc.

Bibliographic Details
Main Author: Ferencová, Elena, 1948- (Author)
Format: Article
Language:Slovak
ISSN:0027-5263
Subjects:

MARC

LEADER 00000nab a2200000 a 4500
001 vtls000879373
003 SK-MaSNL
005 20260304113058.0
008 250429c2004 xo 0 slo
015 |a SNBRB2004/07-21748 
035 |a CLN000230914 
035 |a urn:nbn:sk:snk-ab2ql3 
035 |a (urnnbn)urn:nbn:sk:snk:ar-a02rnf 
035 |a (uuid)b240f27f-0a7d-42ad-a6b1-0ccd03f3584d 
040 |a SNKBUCL  |b slo  |c SNKBUCL  |e AACR2 
041 0 |a slo 
044 |a xo  |c SK 
080 |a 551.44-051  |2 1997 
080 |a 929 Lalkovič, Marcel  |2 1997 
080 |a 82:929:821.162.4  |2 1997 
100 1 |a Ferencová, Elena,  |d 1948-  |4 aut  |9 11356 
245 1 0 |a Blahoželanie k jubileu Ing. Marcela Lalkoviča, CSc.  |c Helena Ferencová 
600 1 7 |a Lalkovič, Marcel,  |d 1944-2016  |2 snkbucl  |9 216382 
655 7 |a články z novín a časopisov  |2 snkbucl  |9 267496 
773 0 |t Múzeum  |g Roč. 50, č. 2 (2004), s. 47  |x 0027-5263 
850 |a Slovenská národná knižnica 
852 |a Slovenská národná knižnica 
954 |a odborná, vedecká literatúra pôvodná (slovenská)  |2 lita 
958 |a article27 
958 |a BX 
958 |a LX 
958 |a OND 
958 |a EUIPO 
992 |a RBX 
999 |c 2868113  |d 2870043